000 00595nam a2200205Ia 4500
005 20250508150424.0
008 008 250505s9999 xx 000 0 eng d
037 _aBooks to be hide in OPAC
040 _aFEDL
_beng
_cFEDL
041 _aeng
_2eng
084 _a371.335, HAS/O
_qFEDL
100 _aHaas Kenneth B
_9170283
245 0 _aPreparation and use of visual adis
260 _aNew York, USA
_bPrentice Hall
_c1946
300 _axii,224p
546 _aWeeded out
700 _a Packer Harry Q
_9756655
942 _cHB
_h371.335, HAS/O
999 _c1323556
_d1323556